War stories : poems about long ago and now /

Bibliographic Details
Main Author: Nemerov, Howard
Format: Book
Language:English
Published: Chicago : University of Chicago Press, [1987]
Subjects:

MARC

Tag First Indicator Second Indicator Subfields
LEADER 00000cam a22000008a 4500
001 in00000569430
005 20151014062853.0
008 870209s1987 ilu 00010 eng
010 |a  87005097  
020 |a 0226572420 :  |c $14.00 
035 |a (OCoLC)15251744 
035 |9 ACN2771AM 
040 |a DLC  |c DLC  |d m/c  |d TXA  |d UtOrBLW 
049 |a TXAM  |c [A12557557] 
050 0 0 |a PS3527.E5  |b W3 1987 
082 0 |a 811/.54  |2 19 
100 1 |a Nemerov, Howard. 
245 1 0 |a War stories :  |b poems about long ago and now /  |c Howard Nemerov. 
263 |a 8708 
264 1 |a Chicago :  |b University of Chicago Press,  |c [1987] 
264 4 |c ©1987 
300 |a ix, 60 pages 
336 |a text  |b txt  |2 rdacontent 
337 |a unmediated  |b n  |2 rdamedia 
338 |a volume  |b nc  |2 rdacarrier 
650 0 |a War poetry, American. 
999 |a MARS 
999 f f |s 22e033e3-4ab6-3667-8815-8f115459dbd5  |i 7b58232a-e549-3253-a6b2-f6fd79439074  |t 0 
952 f f |p ric  |a Texas A&M University  |b Rellis Campus  |c Joint Library Facility  |d Remote Storage  |t 0  |e PS3527.E5 W3 1987  |h Library of Congress classification  |i unmediated -- volume  |m A14812557557 
998 f f |a PS3527.E5 W3 1987  |t 0  |l Remote Storage